000
00314nam a2200145Ia 4500
100
_a
Cmti
942
_c
BK
654
_a
Machine Tool
245
_a
Machine Tool Census
260
_b
Central machine tool institute
_a
Bangalor
_c
1986
082
_a
621.9
_b
CMTI
300
_a
106
546
_a
ENGLISH
999
_c
17855
_d
17855